Quizzes
Events
Quiz Creation
Community
Videos
Private Events
Remove Ads
Sign In
Join for FREE
Feedback
Dark Mode
Quiz Categories
Sports
Geography
Music
Movies
Television
Just For Fun
Miscellaneous
History
Literature
Language
Science
Gaming
Entertainment
Religion
Holiday
For Kids
Quiz Lab
Recent
Popular Today
Quiz Kudos Today
Editor Picks
Curator Picks
Quizzes by...
Day
Popularity
Type
Ratings
Length
Year
Community
Subscriptions
Recent Discussions
Orange Saloon
Badges
Playlists
Quests
Create
Leaderboards
Showdown
Live 5
Trivia Bingo
Activity
Puzzle Library
Sporcle Events
Private Events
Virtual Trivia
Globe League
Become a Host
Pub Owners
SporcleCon
Opinionation
Our Games
Videos
Blog
Mobile Apps
Partnerships
Remove Ads and Go Orange
Feedback
Sports
Athletes
MLB
NBA
NHL
NFL
Soccer
Sports Teams
WWE
NCAA
Football
Premier League
Basketball
Baseball
Hockey
Golf
Tennis
Cricket
Rugby
Auto Racing
Olympics
World Cup
Sports
Athletes
MLB
NBA
NHL
NFL
Soccer
Sports Teams
WWE
NCAA
Football
Premier League
Basketball
Baseball
Hockey
Golf
Tennis
Cricket
Rugby
Auto Racing
Olympics
World Cup
Random Quiz
Search Sporcle
×
Quiz Lab
Quiz Lab
Sports
Baseball
Type in answers that appear in a list
Type in answers that appear in a list
Classic
Best Score? Go Orange.
MLB good, but not great, modern pitchers Stats
Can you name the above-average modern-day starting pitchers?
By
cvip
10m
42 Questions
97 Plays
97 Plays
97 Plays
Comments
Comments
Give Quiz Kudos
Give Quiz Kudos
-
- Ratings
hide this ad
More Info
Replay
Link that replays current quiz
Next Quiz
Link to next quiz in quiz playlist
You Got
0%
They Got
Avg Score
22%
Avg Friend Score
Upgrade to see
Score Distribution
Jump to the score distribution portion of the page
Score
0/42
Timer
10:00
0
Plays Today
ERA+
Pitcher
% Correct
95
Livan Hernandez
64.9%
95
Mike Moore
42.3%
98
Bob Forsch
37.1%
95
Ron Darling
36.1%
99
Ryan Dempster
35.1%
98
Scott Erickson
34%
99
Steve Trachsel
33%
97
Mike Morgan
32%
98
Scott McGregor
32%
98
Joe Niekro
29.9%
99
John Burkett
29.9%
95
Bob Knepper
29.9%
97
Jeff Suppan
27.8%
91
Bobby Witt
27.8%
98
Bill Gullickson
27.8%
98
Jim Clancy
27.8%
97
Hideo Nomo
26.8%
97
Rick Sutcliffe
24.7%
97
Pedro Astacio
23.7%
98
Mike Torrez
22.7%
98
Esteban Loaiza
22.7%
ERA+
Pitcher
% Correct
93
Terry Mulholland
22.7%
96
Mike Krukow
21.6%
97
Kyle Lohse
21.6%
97
Tom Browning
20.6%
99
Mike Caldwell
19.6%
99
Joaquin Andujar
19.6%
97
Joe Coleman
18.6%
95
Kevin Gross
17.5%
94
Jim Slaton
17.5%
95
Jim Lonborg
16.5%
97
Kirk Rueter
14.4%
98
Ed Whitson
14.4%
90
Jaime Navarro
14.4%
99
Bill Singer
14.4%
93
Dick Ruthven
12.4%
97
Stan Bahnsen
9.3%
96
Woodie Fryman
7.2%
94
Jack Billingham
5.2%
98
Steve Renko
3.1%
97
Ray Sadecki
3.1%
92
Ray Burris
2.1%
Quiz Playlist
Details
Report
Send in Message
Add To Playlist
More Info:
These are the pitchers who've started 300 or more games in the Expansion Era (1961-present), who have a career ERA+ of less than 100.
Classic:
Type in answers that appear in a list
Quiz Source
Last Updated: Feb 16, 2017
Quiz Scoreboard
CHALLENGE
Sign Up to Join the Scoreboard
Show All
Scores
Hide
Comments
May contain spoilers
Recently Published
Presidents Visiting Landmarks
by Hejman
History
7m
An Introduction to Baseball
by treessimontrees
Sports
5m
Movies - When Are They Set?
by FPL_Elf
Movies
5m
More to Explore
Quiz From the Vault
Featured Blog Post
Where Did the Easter Bunny Come From?
hide this ad
You Might Also Like...
Tags
Baseball Quiz
MLB Quiz
Era
Modern
Modern-day
Starting
team
Today's Top Quizzes in Sports
Browse Sports
hide this ad
Today's Top Quizzes in Baseball
Browse Baseball
Top Contributed Quizzes in Sports
1
Les meilleurs buteurs des matchs entre le PSG et l’OM
2
2022 World Cup Stars
3
FIFA Club World Cup Champions
4
Les entraîneurs de l'OM et du PSG au 21e siècle
5
Name the Premier League winners with different clubs
6
La finale Lions - Afrique du Sud 2021
7
5-to-1: UK Sports Teams
8
England Test cricketers to play under Nasser Hussain
9
Players with Multiple 50 Home Run Seasons
10
AFC Teams Reveal (Wrong Answers Minefield)
Explore More
Trending Topics
NBA
Disney
Kpop
Crossword
Marvel
Anime
Harry Potter
The Office
NFL
WWE
Song
Country
Pokémon
Soccer
Puzzle
hide this ad
More By:
cvip
Quiz
Plays
Rating
Category
Featured
Created
MLB Top 100 in base hits in the 1980s
5,371
4.70
Sports
Mar 24, 2012
MLB Top 100 in base hits in the 1970's.
3,356
4.43
Sports
Apr 13, 2012
MLB Top HR hitters from 1976-1985
2,975
4.88
Sports
Mar 21, 2014
MLB Most hits in first 5 years of a career
2,955
4.42
Sports
May 5, 2010
Youngest MLB All-Stars
2,948
3.64
Sports
Jul 5, 2010
Go to Creator's Profile
Score Distribution
Quiz Creator Spotlight
cvip
Follow
Send a Message
Quizzes Created
-
Created Quiz Play Count
-
More By This Creator
Popular Quizzes Today
1
Find the US States - No Outlines Minefield
2
Find the Countries of Europe - No Outlines Minefield
3
The Countries of the World
4
Find the US States
5
Popular People in 1961
6
US States
7
Risky Map Clicking: Biggest States A-Z
8
1-10 Letter E Words III
More Sports Quizzes
College Football Playoff and Final Four
Published
Trending Quizzes
Risky Map Clicking: Least Populous States A-Z
1-10 Letter G Words
1-10 Letter F Words
One Thing in Common: United Kingdom
Risky Map Clicking: Next State Alphabetically
Recently Updated
Leaping Animals
pecheneg
Reality TV Shows (A-Z)
bhenderson79
Rickey Henderson's Hall of Fame Teammates
pecheneg
Champions League XIs: Arsenal
pecheneg
Quick Pick: Celebrities in WWE's Hall of Fame
aduchscher
A-Z Keypad Blitz II
pecheneg
Multiple Oscar Actors
pecheneg
Mystery Phrase Blitz: Oscar 'Best Actors'
pecheneg
F. Scott Fitzgerald Novels
LTH
Pick 3 Villains
ddd62291
Trending Topics
Anime
Harry Potter
Crossword
Marvel
Kpop
NBA
Disney
NFL
Song
WWE
Soccer
Pokémon
Puzzle
The Office
Country
Your Account Isn't Verified!
In order to create a playlist on Sporcle, you need to verify the email address you used during registration. Go to your
Sporcle Settings
to finish the process.
Report this User
Report this user for behavior that violates our
Community Guidelines
.
Details:
Send Report
Go to the Sporcle.com Mobile Site →
Comments